| 000 | 00648cam a22002293a 4500 | ||
|---|---|---|---|
| 001 | 13999 | ||
| 003 | PGUSA | ||
| 005 | 20140828083312.0 | ||
| 008 | 041109s2004||||xxu|||||s|||||000 | eng d | ||
| 040 |
_aPGUSA _beng |
||
| 042 | _adc | ||
| 050 | 4 | _aDC | |
| 100 | 1 | _aBosch, G. | |
| 245 | 1 | 0 |
_aAuvergne : _bDe Aarde en haar Volken, 1906 _h[electronic resource] / _cG. Bosch |
| 260 |
_bProject Gutenberg, _c2004 |
||
| 506 | _aPublic domain in the USA. | ||
| 516 | _aElectronic text | ||
| 653 | _aAuvergne (France) -- Description and travel | ||
| 830 | 0 |
_aProject Gutenberg _v13999 |
|
| 856 | 4 | 0 | _uhttp://www.gutenberg.org/ebooks/13999 |
| 942 | _cEB | ||
| 999 |
_c243254 _d243254 |
||